Представление документа в формате RUSMARC

ПолеНазваниеЗначение
  Тип записи a
  Библиографический уровень m
001 Контрольный номер 4def4d81d19344f7bcf4cfa7ec5ff418
005 Дата корректировки 20260618110535.4
100 Данные общей обработки __
a Данные общей обработки 20260610d20262026mday0rusy028902 ca
101 Язык документа 1_
a Язык текста rus
c Язык оригинала eng
102 Страна публикации __
a Страна публикации RU
105 Кодированные данные (монография) __
a Кодированные данные (монография) y z 000ay
181 Поле кодированных данных: вид содержания _0
a Код вида содержания (ISBD) i
182 Поле кодированных данных: тип средства _0
a Код типа средства (ISBD) n
200 Заглавие и сведения об ответственности 1_
a Заглавие Конец человеческой глупости
e Сведения, относящиеся к заглавию в 2 книгах : издание для слабовидящих
f Первые сведения об ответственности Агата Кристи
203 Вид содержания и тип средства __
a Вид содержания Текст
c Тип средства непосредственный
210 Выходные данные 1_
a Место издания Москва
c Издательство Чинар
d Дата издания 2026
225 Серия 2_
a Серия Круг чтения
e Сведения, относящиеся к заглавию серии издание для слабовидящих
300 Общие примечания __
a Общие примечания Текст печатается по изданию: Кристи А., Конец человеческой глупости. - М.: Эксмо, 2000. - ISBN 5-86604-001-8.
330 Аннотация __
a Аннотация Ариадна Оливер, известная писательница детективных романов, приглашает Пуаро в поместье Насс-Комб, чувствуя неладное в организации игры, которая заканчивается настоящей смертью.
333 Примечание о целевом назначении __
a Примечание о целевом назначении 16+. Для детей старше 16 лет
606 Тематические рубрики __
2 Код системы nlr_sh
a Основная рубрика Художественная литература
606 Тематические рубрики __
2 Код системы nlr_sh
a Основная рубрика Литература Европы (произведения)
y Географическая подрубрика Великобритания
y Географическая подрубрика Англия
610 Ключевые слова 0_
a Ключевые слова английская литература
610 Ключевые слова 0_
a Ключевые слова таинственные убийства
610 Ключевые слова 0_
a Ключевые слова зарубежная литература
610 Ключевые слова 0_
a Ключевые слова тема убийств
610 Ключевые слова 0_
a Ключевые слова романы
610 Ключевые слова 0_
a Ключевые слова детективы
610 Ключевые слова 0_
a Ключевые слова классические детективы
610 Ключевые слова 0_
a Ключевые слова зарубежная классика
610 Ключевые слова 0_
a Ключевые слова классическая литература
610 Ключевые слова 0_
a Ключевые слова английские детективы
610 Ключевые слова 0_
a Ключевые слова Пуаро
610 Ключевые слова 0_
a Ключевые слова Эркюль Пуаро
610 Ключевые слова 0_
a Ключевые слова детективная проза
610 Ключевые слова 0_
a Ключевые слова тема глупости
610 Ключевые слова 0_
a Ключевые слова чтение для слабовидящих
610 Ключевые слова 0_
a Ключевые слова книги для незрячих
686 Индексы других классификаций __
2 Код системы rubbks
a Классификационный индекс 84(4Вел)6-445я07; ст84(4Вел)-445я0
700 Автор _1
a Фамилия Кристи
b Имя А.
f Даты 1890-1976
g Полное личное имя Агата
4 Код отношения 070
801 Источник записи _0
a Страна RU
b Организация Муниципальное бюджетное учреждение культуры "Централизованная библиотечная система" г. Сургут (Центральная городская библиотека им. А. С. Пушкина)
c Дата составления 20260610
g Правила каталогизации PSBO
801 Источник записи _1
a Страна RU
b Организация Муниципальное бюджетное учреждение культуры "Централизованная библиотечная система" г. Сургут (Центральная городская библиотека им. А. С. Пушкина)
c Дата составления 20260610
g Правила каталогизации PSBO
852 Данные о местонахождении __
i Авторский знак К 82
j Шифр хранения 84(4Вел)6-445я07
901 Тип документа __
a Ответственный ООФиК/Губина
t Тип документа v
901 Тип документа __
a Ответственный без партии
903 Характеристики (МАРС) __
a Дата передачи 20260610
c Наименование библиотеки (МАРС) Муниципальное бюджетное учреждение культуры "Централизованная библиотечная система" г. Сургут (Центральная городская библиотека им. А. С. Пушкина)